Learning from the apostles: (Record no. 14213)

000 -LEADER
fixed length control field 00636nam a2200193 a 4500
001 - CONTROL NUMBER
control field :::00012040$&:&@@
003 - CONTROL NUMBER IDENTIFIER
control field OkBaRHE
005 - DATE AND TIME OF LATEST TRANSACTION
control field 20000607103415.0
008 - FIXED-LENGTH DATA ELEMENTS--GENERAL INFORMATION
fixed length control field s1971 j 000 0 eng u
040 ## - CATALOGING SOURCE
Transcribing agency
100 1# - MAIN ENTRY--PERSONAL NAME
Personal name Millard, Amos D.
245 10 - TITLE STATEMENT
Title Learning from the apostles:
Remainder of title lessons for today from their lives and witnesses.
260 ## - PUBLICATION, DISTRIBUTION, ETC. (IMPRINT)
Place of publication, distribution, etc Springfield, MO., :
Name of publisher, distributor, etc Gospel Publishing House
Date of publication, distribution, etc c1971
300 ## - PHYSICAL DESCRIPTION
Extent 127 p. ;
Dimensions 19 cm.
650 ## - SUBJECT ADDED ENTRY--TOPICAL TERM
Topical term or geographic name as entry element Apostles
General subdivision New Testament
650 ## - SUBJECT ADDED ENTRY--TOPICAL TERM
Topical term or geographic name as entry element Assemblies of God
942 ## - ADDED ENTRY ELEMENTS (KOHA)
Source of classification or shelving scheme
Koha item type Books
Copies
Shelving location Permanent Location Price effective from Date last seen Damaged status Not for loan Withdrawn status Source of classification or shelving scheme Date acquired Barcode Koha item type Lost status Copy number Full call number
General StacksRHEMA Bible Training College2010-04-142010-04-14    2010-04-1412040Books 1BX 8769 .M5